000 00425nam a2200157 i 4500
001 bg
100 1 _aSTEPANOW, W. A.
245 0 _aProcznost' relaksaciannye jawlenija w twerdych telach /
_cW.A. Stepanow, N.M. Pescanskaja, Spejzman.
260 _aLeningrad,
_c1984.
700 1 _aPESCANSKAJA, N. M.
700 1 _aSPEJZMAN,
040 _cBPK
041 _apol
942 _cKS
008 s pl f |000 0 pol
999 _c28079
_d28079